000
00307nam a2200133Ia 4500
008
190216s9999||||xx |||||||||||||| ||und||
100
_a
Saxena. Mc
245
0
_a
Electricity And Magnetism
250
_a
8th Ed.
260
_b
Pragathi Prakashan
_c
1993
300
_a
594
650
_a
Physics
942
_c
BK
999
_c
33243
_d
33243